000 00217nam a22000857a 4500
001 1236358
005 20251001163219.0
245 _aATTIM KAPAĞI YURTDIŞINA
_cNİHAT ZİYALAN
260 _bGÜNIŞIĞI KİTAPLIĞI YAYINLARI
999 _c1236358
_d1236358